AFL Premierships, Runner-ups and Awards since 1990 - Statistics

General Stats
  • This quiz has been taken 71 times
  • The average score is 98 of 170
Answer Stats
Year Premiers % Correct
2023 Collingwood Magpies
98%
2010 Collingwood Magpies
96%
2009 Geelong Cats
96%
2011 Geelong Cats
96%
2022 Geelong Cats
96%
2013 Hawthorn Hawks
96%
2014 Hawthorn Hawks
96%
2015 Hawthorn Hawks
96%
2021 Melbourne Demons
96%
2017 Richmond Tigers
96%
2019 Richmond Tigers
96%
2020 Richmond Tigers
96%
2012 Sydney Swans
96%
2018 West Coast Eagles
96%
2016 Western Bulldogs
96%
2007 Geelong Cats
94%
2005 Sydney Swans
94%
2002 Brisbane Lions
92%
2003 Brisbane Lions
92%
2004 Port Adelaide Power
92%
2006 West Coast Eagles
92%
2001 Brisbane Lions
90%
2023 Brisbane Lions
90%
2000 Essendon Bombers
90%
2008 Hawthorn Hawks
90%
2017 Adelaide Crows
88%
2018 Collingwood Magpies
88%
2020 Geelong Cats
88%
2019 GWS Giants
88%
1999 North Melbourne Kangaroos
88%
2016 Sydney Swans
88%
2022 Sydney Swans
88%
2021 Western Bulldogs
88%
2013 Fremantle Dockers
85%
2012 Hawthorn Hawks
85%
2015 West Coast Eagles
85%
2023 Bobby Hill
83%
2021 Christian Petracca
83%
2010 St Kilda Saints
83%
2014 Sydney Swans
83%
1997 Adelaide Crows
81%
1998 Adelaide Crows
81%
2004 Brisbane Lions
81%
2011 Collingwood Magpies
81%
2019 Dustin Martin
81%
2020 Dustin Martin
81%
1995 Carlton Blues
79%
1990 Collingwood Magpies
79%
2017 Dustin Martin
79%
2007 Port Adelaide Power
79%
2008 Geelong Cats
77%
2023 Lachie Neale
77%
1996 North Melbourne Kangaroos
77%
2009 St Kilda Saints
77%
2006 Sydney Swans
77%
2005 West Coast Eagles
77%
1993 Essendon Bombers
75%
2002 Collingwood Magpies
73%
1991 Hawthorn Hawks
73%
2022 Isaac Smith
73%
1992 West Coast Eagles
73%
2003 Collingwood Magpies
71%
2001 Essendon Bombers
71%
2014 Luke Hodge
71%
2022 Patrick Cripps
71%
1994 West Coast Eagles
71%
2017 Dustin Martin
69%
2020 Lachie Neale
69%
2019 Nat Fyfe
69%
2021 Ollie Wines
69%
2018 Luke Shuey
67%
2000 Melbourne Demons
65%
1999 Carlton Blues
63%
2015 Cyril Rioli
63%
1990 Essendon Bombers
63%
2013 Gary Ablett Jr
60%
2003 Mark Ricciuto / NathanBuckley / Adam Goodes
60%
2015 Nat Fyfe
60%
2016 Patrick Dangerfield
60%
2014 Matt Priddis
58%
2009 Gary Ablett Jr
56%
1992 Geelong Cats
56%
1994 Geelong Cats
56%
2016 Jason Johannisen
56%
2012 Sam Mitchell /Trent Cotchin
56%
2018 Tom Mitchell
56%
1993 Carlton Blues
54%
1995 Geelong Cats
54%
2010 Lenny Hayes /Scott Pendlebury
54%
1998 North Melbourne Kangaroos
52%
2002 Simon Black
52%
2008 Adam Cooney
50%
2006 Adam Goodes
50%
2013 Alastair Clarkson
50%
2014 Alastair Clarkson
50%
2015 Alastair Clarkson
50%
2005 Ben Cousins
50%
2010 Chris Judd
50%
2023 Craig McRae
50%
2017 Damian Hardwick
50%
2019 Damian Hardwick
50%
2020 Damian Hardwick
50%
2016 Luke Beveridge
50%
2021 Simon Goodwin
50%
1997 St Kilda Saints
50%
2013 Brian Lake
48%
2022 Chris Scott
48%
2011 Dane Swan
48%
2007 Jimmy Bartel
48%
2008 Luke Hodge
48%
1991 West Coast Eagles
48%
2018 Adam Simpson
46%
2004 Chris Judd
46%
2001 Jason Akermanis
44%
2012 John Longmire
44%
2003 Simon Black
44%
2008 Alastair Clarkson
42%
2011 Chris Scott
42%
2010 Mick Malthouse
42%
2005 Chris Judd
40%
2000 James Hird
40%
2002 Nathan Buckley
40%
1996 Sydney Swans
40%
2002 Leigh Matthews
38%
2003 Leigh Matthews
38%
2012 Ryan O'Keefe
38%
2007 Steve Johnson
38%
2011 Jimmy Bartel
35%
2001 Leigh Matthews
35%
2009 Paul Chapman
35%
2000 Shane Woewodin
35%
2000 Kevin Sheedy
33%
2007 Mark Thompson
33%
2009 Mark Thompson
33%
2006 Andrew Embley
31%
1996 James Hird /Michael Voss
31%
2004 Byron Pickett
29%
2005 Paul Roos
29%
1997 Robert Harvey
29%
1998 Robert Harvey
29%
1999 Shane Crawford
29%
1997 Andrew McLeod
25%
1998 Andrew McLeod
25%
2006 John Worsfold
25%
1990 Tony Shaw
25%
1995 Greg Williams
23%
1993 Kevin Sheedy
23%
2004 Mark Williams
23%
1990 Leigh Matthews
21%
1997 Malcom Blight
21%
1998 Malcom Blight
21%
1993 Michael Long
21%
1992 Mick Malthouse
21%
1994 Mick Malthouse
21%
1992 Peter Matera
21%
1993 Gavin Wanganeen
19%
2001 Shaun Hart
19%
1996 Denis Pagan
17%
1999 Denis Pagan
17%
1994 Greg Williams
17%
1994 Dean Kemp
15%
1995 Paul Kelly
15%
1996 Glenn Archer
15%
1999 Shannon Grant
15%
1990 Tony Liberatore
15%
1995 David Parkin
13%
1991 Paul Dear
13%
1992 Scott Wynd
13%
1991 Jim Stynes
10%
1991 Alan Joyce
8%
No matching quizzes found
Score Distribution
Percent of People with Each Score
Percentile by Number Answered
Your Score History
You have not taken this quiz